New trends in biotechnology / (Record no. 15975)
[ view plain ]
| 000 -LEADER | |
|---|---|
| fixed length control field | 01019nam a2200289 a 4500 |
| 001 - CONTROL NUMBER | |
| control field | 15975 |
| 003 - CONTROL NUMBER IDENTIFIER | |
| rucl marc code | BD-RjUL |
| 005 - DATE AND TIME OF LATEST TRANSACTION | |
| control field | 20211208235926.0 |
| 008 - FIXED-LENGTH DATA ELEMENTS--GENERAL INFORMATION | |
| fixed length control field | 140211s1992 ii a b 101 0 eng |
| 020 ## - INTERNATIONAL STANDARD BOOK NUMBER | |
| International Standard Book Number | 8120405919 : |
| 035 ## - SYSTEM CONTROL NUMBER | |
| System control number | (BD-RjUL)16030 |
| 040 ## - CATALOGING SOURCE | |
| Original cataloging agency | DLC |
| Transcribing agency | DLC |
| Modifying agency | DLC |
| -- | BD-RjUL |
| Language of cataloging | eng |
| 041 ## - LANGUAGE CODE | |
| Language code of text/sound track or separate title | eng |
| 082 ## - DEWEY DECIMAL CLASSIFICATION NUMBER | |
| Edition number | 22 |
| Classification number | 660.6 |
| Author mark and year | NEW 1992 |
| 245 00 - TITLE STATEMENT | |
| Title | New trends in biotechnology / |
| Statement of responsibility, etc. | editors, N.S. Subba Rao, C. Balagopalan, S.V. Ramakrishna. |
| 260 ## - PUBLICATION, DISTRIBUTION, ETC. (IMPRINT) | |
| Place of publication, distribution, etc. | New Delhi : |
| Name of publisher, distributor, etc. | Oxford & IBH Pub. Co., |
| Date of publication, distribution, etc. | c1992. |
| 300 ## - PHYSICAL DESCRIPTION | |
| Pagination | xiii, 444 p. : |
| Illustrations | ill. ; |
| Size | 25 cm. |
| 500 ## - GENERAL NOTE | |
| General note | Papers presented at the National Symposium on "New Trends in Biotechnology", 3-4 June 1988, Trivandrum. |
| 504 ## - BIBLIOGRAPHY, ETC. NOTE | |
| Bibliography, etc | Includes bibliographical references and index. |
| 650 #0 - SUBJECT ADDED ENTRY--TOPICAL TERM | |
| Topical term or geographic name as entry element | Biotechnology |
| General subdivision | Congresses. |
| 9 (RLIN) | 49489 |
| 700 2# - ADDED ENTRY--PERSONAL NAME | |
| Personal name | Subba Rao, N. S. |
| Fuller form of name | (Nanjappa Shamanna), |
| Dates associated with a name | 1926- |
| Personal name | Balagopalan, C. |
| Personal name | Ramakrishna, S. V. |
| 942 ## - ADDED ENTRY ELEMENTS (KOHA) | |
| Source of classification or shelving scheme | Dewey Decimal Classification |
| Koha item type | Books |
| Lost status | Source of classification or shelving scheme | Damaged status | Not for loan | Collection code | Permanent Location | Current Location | Shelving location | Date acquired | Source of acquisition | Cost, normal purchase price | Total Checkouts | Full call number | Date last seen | Copy number | Koha item type |
|---|---|---|---|---|---|---|---|---|---|---|---|---|---|---|---|
| Dewey Decimal Classification | Not For Loan | Non-fiction | Central Library, University of Rajshahi | Central Library, University of Rajshahi | Reading Room | 07/06/1997 | Idial Library Dhaka | 742.50 | 660.6 NEW 1992 | 11/02/2014 | C-1 | Books |